The Associated Press guide to news writing

A former AP General News Editor offers novices and seasoned professionals practical advice and lively commentary on writing like a pro. He covers all the essentials of researching, generating, and writing: developing a hook, choosing the right words, constructing a good lead, and more.

Kaydedildi:
Detaylı Bibliyografya
Yazar: Cappon, René J.
Materyal Türü: Kitap
Dil:Undetermined
Baskı/Yayın Bilgisi: New Jersey Peterson's 1999
Konular:
Etiketler: Etiketle
Etiket eklenmemiş, İlk siz ekleyin!
Thư viện lưu trữ: Trung tâm Học liệu Trường Đại học Cần Thơ
LEADER 00858nam a2200193Ia 4500
001 CTU_226070
008 210402s9999 xx 000 0 und d
082 |a 808.06607 
082 |b C249 
100 |a Cappon, René J. 
245 4 |a The Associated Press guide to news writing 
245 0 |c Rene J. Cappon 
260 |a New Jersey 
260 |b Peterson's 
260 |c 1999 
520 |a A former AP General News Editor offers novices and seasoned professionals practical advice and lively commentary on writing like a pro. He covers all the essentials of researching, generating, and writing: developing a hook, choosing the right words, constructing a good lead, and more. 
650 |a Journalism,Report writing,Báo chí,Viết báo cáo 
650 |x Authorship,Quyền tác giả 
980 |a Trung tâm Học liệu Trường Đại học Cần Thơ